00531cam a22002171 4500001001300000003000400013005001700017008004100034010001700075035002000092040001800112042001200130050001900142100002200161245004000183260001100223300001900234500001300253500003000266999001700296sa 65000691 DLC20260227112104.0890801s1963 pk 000 0 urdr  asa 65000691  a(OCoLC)20109306 aDLCcWaUdDLC apremarc00aPK2200.C5bE431 aChandar, Krishan.10aEk vāʼilan samundar ke kināre. c[1963] a408 p.c19 cm. aIn Urdu. aText partially vocalized. c61669d61669